مكتبة جامعة عجلون الوطنية

فهرس بحث المكتبة

Normal view MARC view
  • اصول الفقه الإسلامي- المباحث اللغوية

Entry Topical Term

Number of records used in: 1

001 - CONTROL NUMBER

  • control field: 43498

003 - CONTROL NUMBER IDENTIFIER

  • control field: JO-AjAnu

005 - DATE AND TIME OF LATEST TRANSACTION

  • control field: 20230606081217.0

008 - FIXED-LENGTH DATA ELEMENTS

  • fixed length control field: 230606|| aca||aabn | a|a d

040 ## - CATALOGING SOURCE

  • Original cataloging agency: JO-AjAnu
  • Transcribing agency: JO-AjAnu

150 ## - HEADING--TOPICAL TERM

  • Topical term or geographic name entry element: اصول الفقه الإسلامي- المباحث اللغوية

670 ## - SOURCE DATA FOUND

  • Source citation: Work cat.: (JO-AjAnu)22272: العويد، عبد العزيز بن محمد, author 43497, تعارض دلالات الألفاظ والترجيح بينها دراسة أصولية ، تطبيقية، مقارنة